Zmeny v ESG vykazovaní vyplývajúce z Omnibus balíka
Vo februári 2025 prijala Európska komisia v súvislosti s ESG vykazovaním tzv. Omnibus balík s cieľom zjednodušiť povinnosti súvisiace s podávaním správ o udržateľnosti v súlade so CSRD a ESRS. V apríli 2025 bola prijatá „Stop-the-clock“ smernica a následne v júli 2025 bola prijatá novela k ESRS ozna...
Saved in:
| Main Author: | |
|---|---|
| Format: | Book Chapter |
| Language: | Slovak |
| Subjects: | |
| Tags: |
No Tags, Be the first to tag this record!
|
MARC
| LEADER | 00000naa a2200000 4500 | ||
|---|---|---|---|
| 001 | 0314094 | ||
| 005 | 20260116130434.7 | ||
| 041 | 0 | |a slo | |
| 044 | |a SK | ||
| 245 | 1 | 0 | |a Zmeny v ESG vykazovaní vyplývajúce z Omnibus balíka |c Miriama Blahušiaková |
| 520 | |a Vo februári 2025 prijala Európska komisia v súvislosti s ESG vykazovaním tzv. Omnibus balík s cieľom zjednodušiť povinnosti súvisiace s podávaním správ o udržateľnosti v súlade so CSRD a ESRS. V apríli 2025 bola prijatá „Stop-the-clock“ smernica a následne v júli 2025 bola prijatá novela k ESRS označovaná ako „quick fix“. Zmeny a výzvy, ktoré nová legislatíva so sebou prináša a ktoré budú mať v nasledujúcich rokoch vplyv na ESG vykazovanie v účtovných jednotkách. Zavedenie Omnibus balíka nemení stratégiu Európskej únie v oblasti ochrany životného prostredia. Tá bude naďalej pokračovať vo svojom súčasnom kurze, vrátane priebežného cieľa, ktorým je zníženie emisií skleníkových plynov. Z tohto dôvodu sa odporúča, aby spoločnosti naďalej sledovali súčasný vývoj a zdržali sa zastavenia alebo spomalenia svojich snáh o udržateľné podnikanie. | ||
| 610 | 2 | 0 | |a ESG |
| 610 | 2 | 0 | |a udržateľnosť |
| 610 | 2 | 0 | |a legislatíva |
| 610 | 2 | 0 | |a podnikanie |
| 610 | 2 | 0 | |a jednotka účtovná |
| 610 | 2 | 0 | |a ochrana prostredia životného |
| 100 | 1 | |a Blahušiaková, Miriama, 1980- | |